000
00234nam a2200097Ia 4500
008
240331s9999 xx 000 0 und d
082
_b
KAN
100
_a
Kandiah, N.C
245
0
_a
Varalattuk kalathitku mutpadda payanthamilar
942
_c
L
999
_c
3676
_d
3676